Представление документа в формате MARC21

Поле Инд. ПП Название Значение
Тип записи a
Библиографический уровень m
001 Контрольный номер 54756703c4da440d90fd6e36bde30932
005 Дата корректировки 20250130135922.6
020 a ISBN 978-5-9500241-8-4 (Т. 1)
040 a Служба первич. каталог. 10013504
041 0_ a Код языка текста rus
090 a Полочн. индекс 94(Р)
x Авторский знак Р 939
245 10 a Заглавие Т. 1
260 c Дата издания 2019
300 a Объем 381, [2] с., 8 л. ил.
520 0_ a Аннотация Николай Иванович Рыжков, известный государственный, политический и общественный деятель страны, Председатель Совета Министров СССР в 1985-1990 годах, депутат Государственной Думы России двух созывов и ныне—член Совета Федерации, является автором мемуаров и многих книг исторического и общественно-политического характера по актуальным темам жизни нашего государства. Николая Ивановича по праву называют «человек-эпоха». Вместе со страной на его долю выпало немало испытаний, ему довелось стать не только свидетелем, но и участником многих событий, которые пришлось испытать нашему государству и которые стали переломными моментами з истории нашего Отечества. Н.И. Рыжков воплощает собой связь поколений: победителей Великой Отечественной войны, строителей гигантов советской индустрии и наших современников. Его трудовой и жизненный опыт, его убеждения и твердая гражданская позиция — достояние не только его, но и всех тех, кто дорожит Россией, кто помнит ее прошлое и созидает будущее. Эти?.: томом открывается цикл избранных публикаций Н.И. Рыжкова, собранных в 10-томном издании к 90-летнему юбилею автора. В них он представляет свои раздумья и размышления о трагедии «перестройки» и «перестройщиков», которая в итоге и для него, и для всей страны стала историей больших и малых предательств; о развале великой державы — СССР, когда началось вселенское разрушение всего и вся; о тех, казалось бы, уже далеких, но до сих пор отзывающихся в нашей современной жизни «лихих девяностых», о социально- политическом и экономическом развитии современной России. Отдельным блоком в данном издании выделена тема Победы нашего государства в Великой Отечественной войне, где автор делает глубокий анализ экономического фактора в победе над фашизмом. Размышляя о прошлом, настоящем и будущем нашего Отечества, Николай Иванович делится своими раздумьями об уникальности и необъятности российской цивилизации, о тернистом пути нашей Родины и о мощи и силе духа нашего народа, о необходимости общей, объединяющей национальной идеи и о связи времен. В нашей истории были этапы, когда страна находилась в тяжелейшем положении, но она поднималась после всех испытаний и находила силы и энергию не только для своего возрождения, но и для дальнейшего развития. Именно этой верой, а также чувством горячей любви к своей Родине пронизаны все произведения Николая Ивановича Рыжкова. Представляем читателям плод многолетних размышлений автора о судьбе нашего Отечества
773 18 g Прочая информация Т. 1
a Заголовок основной записи Рыжков Н.И.
w Контрольный № источника 7f35e079e8ed49b5a3ab16cd90a5f9b2
t Название источника На полях исторической памяти : время, события, люди
d Место и дата издания Москва : Экономическая газета: Академия менеджмента и бизнес-администрирования, 2019
900 a Имя макрообъекта обложка.На полях исторической памяти.2019-1
901 t Тип документа n
952 a Тип литературы для КСУ ВШ КНпР